The time shifter / (Record no. 287958)
[ view plain ]
| 000 -LEADER | |
|---|---|
| fixed length control field | 00478nam a2200157Ia 4500 |
| 008 - FIXED-LENGTH DATA ELEMENTS--GENERAL INFORMATION | |
| fixed length control field | 150610s9999 xx 000 0 und d |
| 020 ## - INTERNATIONAL STANDARD BOOK NUMBER | |
| International Standard Book Number | 0812590651 (pbk.) |
| 050 ## - LIBRARY OF CONGRESS CALL NUMBER | |
| Classification number | PS3566 |
| Item number | .E275 T55 1997 |
| 100 ## - MAIN ENTRY--PERSONAL NAME | |
| Personal name | Peel, John, 1954- |
| 245 #4 - TITLE STATEMENT | |
| Title | The time shifter / |
| Statement of responsibility, etc | John Peel. |
| 260 ## - PUBLICATION, DISTRIBUTION, ETC. (IMPRINT) | |
| Place of publication, distribution, etc | New York : |
| Name of publisher, distributor, etc | Tom Doherty Associates, |
| Date of publication, distribution, etc | 1997. |
| 300 ## - PHYSICAL DESCRIPTION | |
| Extent | 119pages ; |
| Dimensions | 20 cm. |
| 440 ## - SERIES STATEMENT/ADDED ENTRY--TITLE | |
| Title | The outer limits ; 3 |
| 504 ## - BIBLIOGRAPHY, ETC. NOTE | |
| Bibliography, etc | "A Tom Doherty Associates book." |
| 520 ## - SUMMARY, ETC. | |
| Summary, etc | Fiction. |
| Withdrawn status | Lost status | Damaged status | Home library | Current library | Shelving location | Date acquired | Total Checkouts | Full call number | Barcode | Date last seen | Price effective from | Koha item type |
|---|---|---|---|---|---|---|---|---|---|---|---|---|
| Stonyhurst Southville International School (Batangas) | Stonyhurst Southville International School (Batangas) | High School Section | 06/10/2015 | PS3566.E275 T55 1997 | US-0052 | 06/10/2015 | 06/10/2015 | Books |